Top 10 Scorers Of English Premier League - Statistics

General Stats
  • This quiz has been taken 30 times
  • The average score is 7 of 10
Answer Stats
Hint Answer % Correct
3. 208 Goals Rooney
89%
1. 260 Goals Shearer
86%
2. 213 Goals Kane
82%
8. 175 Goals Henry
75%
6. 184 Goals Salah
75%
7. 177 Goals Lampard
64%
5. 184 Goals Agüero
61%
4. 187 Goals Cole
50%
9. 163 Goals Fowler
43%
10. 162 Goals Defoe
32%
No matching quizzes found
Score Distribution
Percent of People with Each Score
Percentile by Number Answered
Your Score History
You have not taken this quiz